000
00346nam a22001577a 4500
005
20160620123505.0
008
160620b xxu||||| |||| 00| 0 eng d
020
_a
0-19-566991-6
041
_a
eng
082
_b
8500
245
_a
Dictionary of Science
260
_b
Oxford
_c
2005
300
_a
850
650
_a
Management
_9
241
942
_c
BK
999
_c
3259
_d
3258